000 00599nam a2200241Ia 4500
003 OSt
005 20220928105126.0
006 a|||||r|||| 00| 0
007 ta
008 220927b |||||||| |||| 00| 0 eng d
024 _a133
037 _cTextual
040 _aSDCL
_cSDCL
_beng
041 _2eng
_aeng
082 _aX:5381, P7
100 _aIyyar R K
_9413939
245 0 _aGlobal governance
260 _aNew Delhi
_bMahaveer & Sons
_c2007
300 _a334p
_ccm.
650 _aGlobalisation
942 _hX:5381, P7
_cTEXL
_2CC
999 _c729746
_d729746